| 000 | 00578nam a22002057a 4500 | ||
|---|---|---|---|
| 003 | OSt | ||
| 005 | 20251117171050.0 | ||
| 008 | 251117b |||||||| |||| 00| 0 eng d | ||
| 020 | _a0-7513-0993-1. | ||
| 040 |
_aDWCL-Main lib. _cOC |
||
| 082 | _aRes. 775 M466d 2000 | ||
| 100 | _aMay, Alex | ||
| 245 |
_aDigital photography/ _cAlex May |
||
| 260 |
_aLondon : _bDorling Kindersley, _c c2000. |
||
| 300 |
_a72 p. : _b col. ill. _c; 18 cm. |
||
| 504 | _aIncludes index. | ||
| 650 | _a1. Digital photography. | ||
| 650 | _a2. Photography. | ||
| 942 |
_2ddc _cBK-CIRC _hRes. _n0 |
||
| 999 |
_c5738 _d5738 |
||